Normal view
MARC view
Entry Topical Term
001 - CONTROL NUMBER
- control field: 26884
003 - CONTROL NUMBER IDENTIFIER
- control field: OSt
005 - DATE AND TIME OF LATEST TRANSACTION
- control field: 20220331110335.0
008 - FIXED-LENGTH DATA ELEMENTS
- fixed length control field: 220331|| aca||aabn | a|a d
040 ## - CATALOGING SOURCE
- Original cataloging agency: OSt
- Transcribing agency: OSt
150 ## - HEADING--TOPICAL TERM
- Topical term or geographic name entry element: swatantra horatagararu ಸ್ವಾತಂತ್ರ ಹೋರಾಟಗಾರರು
670 ## - SOURCE DATA FOUND
- Source citation: Work cat.: (OSt): Harogadde Usha Ramesh Nayaka ಹಾರೋಗದ್ದೆ ಉಷಾ ರಮೇಶ್ ನಾಯಕ 26883, Dakshina Kannada Jilleya Shathamanada Mahan Prathibhegalu, 2003